[Event "POL-ch Rapid U18"]
[Site "Bydgoszcz"]
[Date "2023.08.30"]
[Round "9"]
[White "Niesporek, Franciszek"]
[Black "Niesyt, Michal"]
[Result "1-0"]
[WhiteElo "1682"]
[BlackElo "1874"]
[PlyCount "105"]
[EventDate "2023.08.28"]
[EventType "swiss"]
[EventRounds "11"]
[EventCountry "POL"]
[SourceTitle "EXT 2024"]
[Source "ChessBase"]
[SourceDate "2023.10.10"]
[SourceVersion "1"]
[SourceVersionDate "2023.10.10"]
[SourceQuality "1"]

1. e4 c5 2. c3 d5 3. exd5 Qxd5 4. d4 Nc6 5. Nf3 Bg4 6. dxc5 Qxc5 7. Be2 Nf6 8. 0-0 e6 9. Nbd2 Be7 10. h3 Bf5 11. Qa4 0-0 12. Nb3 Qb6 13. Be3 Qc7 14. Nbd4 Bg6 15. Nxc6 bxc6 16. Bf4 Qb6 17. Ne5 c5 18. Nc4 Qd8 19. Rad1 Qe8 20. Qa6 Nd5 21. Bg3 Qc8 22. Ne5 Bf6 23. Qa3 Rd8 24. Ba6 Bxe5 25. Bxc8 Bxg3 26. fxg3 Rdxc8 27. c4 Nb4 28. Qf3 Nc2 29. h4 Nd4 30. Qf2 Rab8 31. g4 f6 32. Rd2 e5 33. h5 Bf7 34. h6 Bxc4 35. Rc1 Be6 36. hxg7 Kxg7 37. Qe3 Rb7 38. g5 Nf5 39. gxf6+ Kxf6 40. Qc3 c4 41. Re1 Rb5 42. a4 Rbc5 43. Rf2 Rd8 44. g4 Rd3 45. Qb4 Rcd5 46. gxf5 Bxf5 47. Qf8+ Ke6 48. Qxf5+ Kd6 49. Qf6+ Kc5 50. Rxe5 Rd1+ 51. Kg2 Rxe5 52. Qxe5+ Rd5 53. Qe7+ 1-0

[Event "POL-ch Rapid U18"]
[Site "Bydgoszcz"]
[Date "2023.08.29"]
[Round "5"]
[White "Kryston, Aleksander"]
[Black "Niesyt, Michal"]
[Result "0-1"]
[WhiteElo "1519"]
[BlackElo "1874"]
[PlyCount "42"]
[EventDate "2023.08.28"]
[EventType "swiss"]
[EventRounds "11"]
[EventCountry "POL"]
[SourceTitle "EXT 2024"]
[Source "ChessBase"]
[SourceDate "2023.10.10"]
[SourceVersion "1"]
[SourceVersionDate "2023.10.10"]
[SourceQuality "1"]

1. d4 d5 2. c4 e6 3. Nc3 c5 4. cxd5 exd5 5. dxc5 d4 6. Ne4 Nc6 7. e3 Nf6 8. Nxf6+ Qxf6 9. exd4 Nxd4 10. Be3 Bxc5 11. Bxd4 Bxd4 12. Bb5+ Kf8 13. Qf3 Bxb2 14. Qxf6 Bxf6 15. Rd1 Be6 16. a4 Ke7 17. Ne2 a6 18. Bd3 Rhd8 19. 0-0 Bb3 20. Rd2 Bxa4 21. Re1 Kf8 0-1

[Event "Bohumin op 5th"]
[Site "Bohumin"]
[Date "2022.07.02"]
[Round "1"]
[White "Pulpan, Jakub"]
[Black "Niesyt, Michal"]
[Result "1-0"]
[WhiteElo "2424"]
[BlackElo "1632"]
[PlyCount "51"]
[EventDate "2022.07.02"]
[EventType "swiss"]
[EventRounds "9"]
[EventCountry "CZE"]
[SourceTitle "CBM 209 Extra"]
[Source "ChessBase"]
[SourceDate "2022.09.30"]
[SourceVersion "1"]
[SourceVersionDate "2022.09.30"]
[SourceQuality "1"]

1. b3 e5 2. Bb2 Nc6 3. Nf3 d6 4. d4 exd4 5. Nxd4 Nf6 6. g3 Be7 7. Bg2 d5 8. 0-0 0-0 9. Nxc6 bxc6 10. Nd2 Bf5 11. c4 Qd6 12. Rc1 Rad8 13. Nf3 Ne4 14. cxd5 cxd5 15. Be5 Qa6 16. Rxc7 Bd6 17. Bxd6 Rxd6 18. Nd4 Bg6 19. Qa1 Rfd8 20. Rfc1 R6d7 21. R1c6 Qa5 22. Rxd7 Rxd7 23. Rc8+ Rd8 24. Nc6 Rxc8 25. Nxa5 Rc2 26. Bxe4 1-0